000
00250nam a2200097Ia 4500
001
643109
005
20250826153539.0
008
250824s9999 xx 000 0 und d
245
0
_a
KAPLAN TAKIMI 2 HAYALET ATLAR
_c
THOMAS BREZINA
260
_b
DOĞAN EGMONT
999
_c
643109
_d
643109